| 000 | 00669nam a22001937a 4500 | ||
|---|---|---|---|
| 999 |
_c172301 _d172301 |
||
| 005 | 20200131122000.0 | ||
| 010 | _aB-208789 | ||
| 020 |
_c300.00 _a- |
||
| 035 | _aB-208789 | ||
| 037 |
_bDBAD/PUB _a- |
||
| 082 | _a841 | ||
| 100 | _aجميلہ خد ا بخش | ||
| 245 |
_aد يو ا ن جميلہ-جلد ششم _cجميلہ خد ا بخش |
||
| 246 |
_bDewan-e-Jamila (Part-6) (Urdu) _aby Jamila Khuda Bakhsh |
||
| 260 |
_aPatna _bKhuda Bakhsh Oriental Public Library _c2006 ء |
||
| 270 |
_a1739/3,New Kohinoor Hotel Patodi House,Darya Ganj, _bN.Delhi _e110002 _k- _l- |
||
| 300 |
_a310 ص _c22 Cm(Hb) |
||
| 942 |
_2ddc _cUR _h841 _mج م ی |
||